FS Ekonóm 1969-2019 publikácia vydaná pri príležitosti 50. výročia založenia folklórneho súboru pri Ekonomickej univerzite v Bratislave

Enregistré dans:
Détails bibliographiques
Autres auteurs: Šútorová-Konečná, Lenka
Format: Livre
Langue:slovaque
Publié: Bratislava Ekonomická univerzita v Bratislave 2022
Édition:1. vydanie
Sujets:
Tags: Ajouter un tag
Pas de tags, Soyez le premier à ajouter un tag!

MARC

LEADER 00000nam a2200000 4500
001 0302912
005 20240708091155.7
020 |a 978-80-570-3456-8 
041 0 |a slo 
044 |a SK 
245 1 0 |a FS Ekonóm 1969-2019  |b publikácia vydaná pri príležitosti 50. výročia založenia folklórneho súboru pri Ekonomickej univerzite v Bratislave  |c zostavovateľ a autor: Lenka Šútorová-Konečná 
250 |a 1. vydanie 
264 1 |a Bratislava  |b Ekonomická univerzita v Bratislave  |c 2022 
300 |a 342 s. 
610 2 0 |a umenie 
610 2 0 |a hudba 
610 2 0 |a čas voľný 
610 2 0 |a hobby 
610 2 0 |a aktivita spoločenská 
700 1 |a Šútorová-Konečná, Lenka